Sofi la Foca en apuros (Registro nro. 19886)
[ vista simple ]
| 000 -CABECERA | |
|---|---|
| Campo de control | 00787nam a22002537a 4500 |
| 005 - FECHA Y HORA DE LA ULTIMA TRANSACCION | |
| Campo de control | 20200104041800.0 |
| 008 - ELEMENTOS DE LONGITUD FIJA—INFORMACION GENERAL | |
| Campo de control | 170926s2017 ck ||||| |||| 00| 0 spa d |
| 020 ## - ISBN | |
| ISBN | 9789588962276 |
| 040 ## - FUENTE DE CATALOGACIÓN | |
| Agencia catalogadora original | CO-BoIAVH |
| Agencia transcriptora | CO-BoIAVH |
| 041 ## - IDIOMA | |
| Código de idioma para texto/pista de sonido o título separado | Español |
| 044 ## - PAÍS DE PUBLICACIÓN | |
| País de publicación | Colombia |
| 090 ## - CLASIFICACIÓN LOCAL | |
| Colección | I-TDL |
| Consecutivo | 05 |
| 100 ## - ASIENTO PRINCIPAL--NOMBRE PERSONAL | |
| Nombre personal | Contreras Hernández, Mauricio |
| 9 (RLIN) | 85211 |
| 245 10 - MENCION DE TITULO | |
| Título | Sofi la Foca en apuros |
| 260 ## - PUBLICACION, DISTRIBUCION, ETC. (PIE DE IMPRENTA) | |
| Lugar de publicación, distribución, etc. | Bogotá: |
| Nombre del editor, distribuidor, etc. | Tiempo de Leer Editorial, |
| Fecha de publicación, distribución, etc. | 2017. |
| 300 ## - DESCRIPCION FISICA | |
| Extensión | 47 páginas |
| Otros detalles físicos | ilustraciones, fotografías a color |
| Dimensiones | 22 x 22cm |
| 490 ## - MENCION DE SERIE | |
| Mención de serie | Colección Ecocuentos y Ecofábulas |
| 650 14 - ASIENTO SECUNDARIO DE MATERIA - TERMINO TEMATICO | |
| Término temático o nombre geográfico como elemento de entrada | Literatura infantil |
| 9 (RLIN) | 85244 |
| 650 14 - ASIENTO SECUNDARIO DE MATERIA - TERMINO TEMATICO | |
| Término temático o nombre geográfico como elemento de entrada | Fábulas |
| 9 (RLIN) | 85245 |
| 650 14 - ASIENTO SECUNDARIO DE MATERIA - TERMINO TEMATICO | |
| Término temático o nombre geográfico como elemento de entrada | Educación ambiental |
| 9 (RLIN) | 162 |
| 650 14 - ASIENTO SECUNDARIO DE MATERIA - TERMINO TEMATICO | |
| Término temático o nombre geográfico como elemento de entrada | Medio ambiente |
| 9 (RLIN) | 92195 |
| 700 ## - ASIENTO SECUNDARIO - NOMBRE PERSONAL | |
| Nombre personal | Florian, Edwin Angel |
| Término de relación | ilustrador |
| 9 (RLIN) | 85236 |
| 942 ## - ELEMENTOS ADICIONALES (KOHA) | |
| Sistema de clasificación | Local |
| Tipo de ítem | Libro |
| Withdrawn status | Lost status | Sistema de Clasificación | Damaged status | No para préstamo | Colección | Inventariado | Ubicación Permanente | Ubicación actual | Fecha de adquisición | Fuente de Valor | Valor | Total Checkouts | Número topográfico | Inventario / Código de Barras | Date last seen | Ejemplar | Price effective from | Forma de adquisición | Tipo de material |
|---|---|---|---|---|---|---|---|---|---|---|---|---|---|---|---|---|---|---|---|
| Local | Infantil | Inventariado 2017 | Bogotá | Bogotá | 26/09/2017 | Lerner | 24000.00 | I-TDL-05 | 042878 | 26/09/2017 | Ej. 1 | 26/09/2017 | Compra | Libro |